| 000 | 00676cam a2200205 i 4500 | ||
|---|---|---|---|
| 999 |
_c6412 _d6412 |
||
| 001 | 2592 | ||
| 003 | BD-DhUAP | ||
| 005 | 20201230162023.0 | ||
| 008 | 201230s1977 bg b 100 0 eng | ||
| 040 |
_aDLC _cDLC _dBD-DhUAP _beng |
||
| 082 | 0 | 0 |
_a954.92 REF _223 |
| 245 | 1 | 0 |
_aReflections on the Bengal renaissance / _cedited by David Kopf and Safiuddin Joarder. |
| 260 |
_aRajshahi : _bInstitute of Bangladesh Studies, Rajshahi University, _cc1977. |
||
| 300 |
_a190 pages ; _c22 cm. |
||
| 504 | _aIncludes bibliographical references. | ||
| 651 | 0 |
_aBengal (India) _xIntellectual life _xCongresses. |
|
| 700 | 1 | _aKopf, David. | |
| 700 | 1 | _aJoarder, Safiuddin. | |
| 942 |
_2ddc _cBK |
||